000 00531nam a2200193Ia 4500
999 _c34576
_d34576
003 OSt
005 20200908101849.0
008 190216s9999||||xx |||||||||||||| ||und||
020 _a9781259004346
040 _coclc
082 _a535
_bGHA/O
100 _aGhatak, Ajoy
_94428
245 0 _aOptics /
_cAjoy Ghatak
250 _a5th Ed.
260 _bMcGraw Hill Education (india) Private Limited,
_c2013.
_aNew Delhi:
300 _a250p
650 _aPhysics
942 _cBK
_2ddc
_h535
_iGHA/O
_k535
_mGHA/O